Türk yolu (Record no. 11433)

MARC details
000 -BAŞLIK
Sabit Uzunlukta Kontrol Alanı 01162na a2200361 4500
001 - KONTROL NUMARASI
Denetim Alanı 22239
003 - KONTROL NUMARASI IDENTIFIER
Denetim Alanı MIRAKIL
005 - SON İŞLEM TARİHİ VE ZAMANI
Denetim Alanı 20181226092844.0
008 - SABİT-BOY VERİ ELEMANLARI - GENEL BİLGİLER
Sabit Uzunlukta Kontrol Alanı 170212b tu n0 0 0
035 ## - SİSTEM KONTROL NUMARASI
Sistem Kontrol Numarası 20919
040 ## - KATALOGLAMA KAYNAK
Orijinal Kataloglama Ajansı Milas
Kataloglama Dili tur
Metne Dönüştürmek Ajansı TR-AnCHP
041 ## - DİL KODU
Metin / Ses Parça Veya Ayrı Başlığın Dil Kodu tur
090 ## - SINIFLAMA NUMARASI
Sınıflama Numarası 050 DER 139
222 ## - ANAHTAR ADI
Anahtar Başlık Türk yolu
245 ## - BAŞLIK TABLOSU
Başlık Türk yolu
Başlığın Kalan iki aylık siyasi fikir dergisi
246 ## - UNVAN FORM VARYING
Başlık Doğru / Kısa Başlığı Türk yolu dergisi
246 ## - UNVAN FORM VARYING
Başlık Doğru / Kısa Başlığı Anti emperyalist tam bağımsızlıkçı dergi
260 ## - YAYIN, DAĞITIM, VB
Yayın, Dağıtım, Vb Yeri İstanbul
Yayıncı, Dağıtıcı, Vs Adı S. Kemal Ermetin
Yayın, Dağıtım, Vb Tarihi 2006-
300 ## - FİZİKSEL TANIM
Kapsam c.
Boyutlar 30 sm.
362 ## - YAYIN VE / VEYA SIRALI GÖREVLENDİRİLMESİNE TARİHLERİ
Yayın Ve / Veya Ardışık Kullanım Amacı Tarihleri sayı 17 (Mayıs Haziran 2007)-
500 ## - GENEL NOT
Genel Not Mevcut sayılar: (11-14) Mayıs-Aralık 2006; (17-20) Mayıs-Aralık 2007
500 ## - GENEL NOT
Genel Not Niteleme sayı 17 (Mayıs Haziran 2007)'e dayalıdır.
500 ## - GENEL NOT
Genel Not "Anti emperyalist tam bağımsızlıkçı dergi".
500 ## - GENEL NOT
Genel Not "Hattı müdafa yoktur, sathı müdafaa vardır!"
520 ## - ÖZET, VB
Özet, Vb Siyaset dergisi
650 ## - KONU KATMA GİRİŞ - TOPİKAL DÖNEM
Topikal Süreli Veya Coğrafi Ad Giriş Elemanı Aktüalite
650 ## - KONU KATMA GİRİŞ - TOPİKAL DÖNEM
Topikal Süreli Veya Coğrafi Ad Giriş Elemanı Siyaset
Form Alt Bölümü Süreli yayınlar
Coğrafi Alt Bölümü Türkiye
651 ## - KONU KATMA GİRİŞ - COĞRAFİ ADI
Coğrafi İsim Türkiye
Form Alt Bölümü Süreli yayınlar
Genel Alt Bölümü Siyaset ve yönetim
910 ## - KULLANICI SEÇENEK, VERİLERİN (OCLC)
Kullanıcı Seçenek Veri DERGİ 139
942 ## - EKLENDİ GİRİŞ ELEMANLARI (KOHA)
Sınıflandırma Veya Raf Düzeni Kaynak Dewey Decimal Classification
Koha Öğesi Türü Serials
999 ## - SİSTEM KONTROL NUMARALARI (KOHA)
Koha Biblionumber 11433
Koha Biblioitemnumber 11433
310 ## - MEVCUT YAYIN FREKANSI
Güncel Yayın Frekansı 2 aylık
655 ## - INDEX DÖNEM - TÜR / FORMU
-- Dergi
Holdings
Kullanım Kısıtlamaları Kalıcı Konum Mevcut Konum Edinme Tarihi Kodlu Konum Eleme Toplam Check-Out'Lar Tam Çağrı Numarası Barkod Tarih Son Görülme İtibaren Geçerli Fiyatlar Sigara Kamu Notu Koha Öğesi Türü
Kütüphane dışına çıkarılamaz CHP Kütüphanesi CHP Kütüphanesi 02/12/2017 SÜRELİ YAYINLAR   050 DER 112 D139 02/12/2017 02/12/2017 Serials